Normal view
MARC view
Entry Personal Name
001 - CONTROL NUMBER
- control field: 66157
003 - CONTROL NUMBER IDENTIFIER
- control field: dpl
005 - DATE AND TIME OF LATEST TRANSACTION
- control field: 20240514113506.0
008 - FIXED-LENGTH DATA ELEMENTS
- fixed length control field: 240514|| aca||aabn | a|a d
040 ## - CATALOGING SOURCE
- Original cataloging agency: dpl
- Transcribing agency: dpl
100 ## - HEADING--PERSONAL NAME
- Personal name: Arora, Vandana
670 ## - SOURCE DATA FOUND
- Source citation: Work cat.: (dpl)202772: Arora, Vandana, Poetic Pilgrimage:, 2024
